Teoría del neoconstitucionalismo : ensayos escogidos /
Guardado en:
| Otros Autores: | , , , , , , , , , , , , |
|---|---|
| Formato: | Desconocido |
| Idioma: | Spanish |
| Publicado: |
Madrid :
Trotta,
2007
|
| Edición: | 1a. ed. |
| Series: | Colección estructuras y procesos Serie derecho
|
| Materias: | |
| Etiquetas: |
Agregar Etiqueta
Sin Etiquetas, Sea el primero en etiquetar este registro!
|
| LEADER | 01025nac a22003135a 4500 | ||
|---|---|---|---|
| 001 | DER.der011657 | ||
| 008 | 180615s2007####ag#||||||||||||||#||spa|| | ||
| 005 | 20251226133433.0 | ||
| 245 | 1 | 0 | |a Teoría del neoconstitucionalismo : |b ensayos escogidos / |c editado por Miguel Carbonell, Riccardo Guastini, Manuel Aragón Reyes. |
| 250 | |a 1a. ed. | ||
| 260 | |a Madrid : |b Trotta, |c 2007 | ||
| 300 | |a 334 p. | ||
| 440 | 0 | |a Colección estructuras y procesos |p Serie derecho | |
| 020 | |a 9788481649284 | ||
| 700 | 1 | |a Carbonell, Miguel, |e edit. | |
| 700 | 1 | |a Guastini, Riccardo | |
| 700 | 1 | |a Aragón Reyes, Manuel | |
| 700 | 1 | |a Comanducci, Paolo | |
| 700 | 1 | |a Ferrajoli, Luigi | |
| 700 | 1 | |a Zagrebelsky, Gustavo | |
| 700 | 1 | |a Fiss, Owen | |
| 700 | 1 | |a Estrada, Alexei Julio | |
| 700 | 1 | |a Pisarello, Gerardo | |
| 700 | 1 | |a Courtis, Christian | |
| 700 | 1 | |a Pietro Sanchís, Luis | |
| 700 | 1 | |a García Amado, Juan A. | |
| 700 | 1 | |a Bernal Pulido, Carlos | |
| 650 | 7 | |a DERECHO CONSTITUCIONAL | |
| 859 | |a DERECHO |b BIB. DERECHO |h 342 |i TEO |p 006721 | ||
